01343cam a2200301 a 450000100100000000500170001000800410002701000130006802000150008104000230009604300120011905000210013110000370015224501870018925000350037626000330041130000290044449000210047350400300049465100660052465000570059071100940064791000280074108200190076995201150078895201210090399900170102400001337220240502094959.0830930s1983 sp a b 100 0 spa  a83180328 a8432043036 aDO-SdBNPcDLCdDLC ad------00aHC59b.C338 19831 aCastro, Fideld 1926-201691697113aLa crisis economica y social del mundo :bsus repercusiones en los paises subdesarrollados, sus perspectivas sombrias y la necesidad de luchar si queremos sobrevivir /cFidel Castro. a1a ed. en Coleccion Documento. aBarcelona :bPlaneta,c1983. a238 p. :bill. ;c24 cm.0 aDocumento ;v119 aBibliography: p. 235-238. 0aDeveloping CountriesxEconomic ConditionsxCongresses.930589 0aInternational economic relationsxCongresses.9305902 aConference of Heads of State or Government of Non-aligned Countriesn(7th :d1983)930591 aCatalogación derivada00a330.9172/4219 001050718MOaGRbGRcHDd2009-11-23iLF1l0o330.9172/4 p13372-10r2020-06-25w2020-06-25y1ZNo se presta 001050718MOaGRbGRcHDd2014-02-13iLF1l0o330.9172/4 p13372-20r2020-06-25te. 2w2020-06-25y1ZNo se presta c12998d12998